<?xml version="1.0" encoding="UTF-8"?>
<record
    xmlns:xsi="http://www.w3.org/2001/XMLSchema-instance"
    xsi:schemaLocation="http://www.loc.gov/MARC21/slim http://www.loc.gov/standards/marcxml/schema/MARC21slim.xsd"
    xmlns="http://www.loc.gov/MARC21/slim">

  <leader>00671nam a22002057a 4500</leader>
  <controlfield tag="008">161019b        xxu||||| |||| 00| 0 eng d</controlfield>
  <datafield tag="020" ind1=" " ind2=" ">
    <subfield code="a">9780582353879</subfield>
  </datafield>
  <datafield tag="050" ind1=" " ind2=" ">
    <subfield code="a">QA 39.2 .B33 1985</subfield>
  </datafield>
  <datafield tag="100" ind1=" " ind2=" ">
    <subfield code="a">Backhouse,J.K.</subfield>
  </datafield>
  <datafield tag="245" ind1=" " ind2=" ">
    <subfield code="a">Pure Mathematics 2/</subfield>
    <subfield code="c">J.K. Backhouse, S.P.T. Houldsworth, B.E.D.Cooper and P.J.F.Horril</subfield>
  </datafield>
  <datafield tag="250" ind1=" " ind2=" ">
    <subfield code="a">3rd ed.</subfield>
  </datafield>
  <datafield tag="260" ind1=" " ind2=" ">
    <subfield code="a">90 Tottenham Court Road,London :</subfield>
    <subfield code="b">Longman,</subfield>
    <subfield code="c">1985</subfield>
  </datafield>
  <datafield tag="300" ind1=" " ind2=" ">
    <subfield code="a">xvi, 464p. :</subfield>
    <subfield code="b">ill. ;</subfield>
    <subfield code="c">23cm.</subfield>
  </datafield>
  <datafield tag="504" ind1=" " ind2=" ">
    <subfield code="a">Includes  index.</subfield>
  </datafield>
  <datafield tag="650" ind1=" " ind2=" ">
    <subfield code="a">Mathematics.</subfield>
  </datafield>
  <datafield tag="700" ind1=" " ind2=" ">
    <subfield code="a">Houldsworth,S.P.T.</subfield>
  </datafield>
  <datafield tag="700" ind1=" " ind2=" ">
    <subfield code="a">Cooper,B.E.D</subfield>
  </datafield>
  <datafield tag="700" ind1=" " ind2=" ">
    <subfield code="a">Horril,P.J.F.</subfield>
  </datafield>
  <datafield tag="942" ind1=" " ind2=" ">
    <subfield code="2">lcc</subfield>
    <subfield code="c">SH_L_BOOKS</subfield>
    <subfield code="h">QA 39.2 .B33 1985</subfield>
    <subfield code="0">247</subfield>
  </datafield>
  <datafield tag="999" ind1=" " ind2=" ">
    <subfield code="c">15054</subfield>
    <subfield code="d">15054</subfield>
  </datafield>
  <datafield tag="952" ind1=" " ind2=" ">
    <subfield code="0">0</subfield>
    <subfield code="1">0</subfield>
    <subfield code="2">lcc</subfield>
    <subfield code="4">0</subfield>
    <subfield code="7">0</subfield>
    <subfield code="a">MUC</subfield>
    <subfield code="b">MUC</subfield>
    <subfield code="c">SL</subfield>
    <subfield code="d">2015-03-31</subfield>
    <subfield code="l">10</subfield>
    <subfield code="o">QA 37.2 .B33 1985</subfield>
    <subfield code="p">373</subfield>
    <subfield code="r">2016-06-29</subfield>
    <subfield code="s">2016-06-29</subfield>
    <subfield code="w">2015-03-31</subfield>
    <subfield code="y">SH_L_BOOKS</subfield>
  </datafield>
  <datafield tag="952" ind1=" " ind2=" ">
    <subfield code="0">0</subfield>
    <subfield code="1">0</subfield>
    <subfield code="2">lcc</subfield>
    <subfield code="4">0</subfield>
    <subfield code="7">0</subfield>
    <subfield code="a">MUC</subfield>
    <subfield code="b">MUC</subfield>
    <subfield code="c">GEN</subfield>
    <subfield code="d">2015-07-31</subfield>
    <subfield code="l">12</subfield>
    <subfield code="o">QA 37.2 .B33 1985</subfield>
    <subfield code="p">251</subfield>
    <subfield code="r">2019-05-31</subfield>
    <subfield code="s">2016-10-03</subfield>
    <subfield code="w">2015-07-31</subfield>
    <subfield code="y">BOOKS</subfield>
  </datafield>
  <datafield tag="952" ind1=" " ind2=" ">
    <subfield code="0">0</subfield>
    <subfield code="1">0</subfield>
    <subfield code="2">lcc</subfield>
    <subfield code="4">0</subfield>
    <subfield code="7">0</subfield>
    <subfield code="a">MUC</subfield>
    <subfield code="b">MUC</subfield>
    <subfield code="c">GEN</subfield>
    <subfield code="d">2015-07-31</subfield>
    <subfield code="g">2750.00</subfield>
    <subfield code="l">20</subfield>
    <subfield code="o">QA 37.2 .B33 1985</subfield>
    <subfield code="p">4570</subfield>
    <subfield code="r">2019-05-31</subfield>
    <subfield code="s">2016-10-06</subfield>
    <subfield code="w">2015-07-31</subfield>
    <subfield code="y">BOOKS</subfield>
  </datafield>
  <datafield tag="952" ind1=" " ind2=" ">
    <subfield code="0">0</subfield>
    <subfield code="1">0</subfield>
    <subfield code="2">lcc</subfield>
    <subfield code="4">0</subfield>
    <subfield code="7">0</subfield>
    <subfield code="a">MUC</subfield>
    <subfield code="b">MUC</subfield>
    <subfield code="c">GEN</subfield>
    <subfield code="d">2015-07-31</subfield>
    <subfield code="l">103</subfield>
    <subfield code="o">QA 37.2 .B33 1985</subfield>
    <subfield code="p">5313</subfield>
    <subfield code="r">2023-09-28</subfield>
    <subfield code="s">2020-02-19</subfield>
    <subfield code="w">2015-07-31</subfield>
    <subfield code="y">BOOKS</subfield>
  </datafield>
  <datafield tag="952" ind1=" " ind2=" ">
    <subfield code="0">0</subfield>
    <subfield code="1">0</subfield>
    <subfield code="2">lcc</subfield>
    <subfield code="4">0</subfield>
    <subfield code="7">0</subfield>
    <subfield code="a">MUC</subfield>
    <subfield code="b">MUC</subfield>
    <subfield code="c">SL</subfield>
    <subfield code="d">2015-07-31</subfield>
    <subfield code="l">41</subfield>
    <subfield code="o">QA 37.2 .B33 1985</subfield>
    <subfield code="p">5346</subfield>
    <subfield code="r">2019-05-31</subfield>
    <subfield code="s">2018-09-21</subfield>
    <subfield code="w">2015-07-31</subfield>
    <subfield code="y">SH_L_BOOKS</subfield>
  </datafield>
  <datafield tag="952" ind1=" " ind2=" ">
    <subfield code="0">0</subfield>
    <subfield code="1">0</subfield>
    <subfield code="2">lcc</subfield>
    <subfield code="4">0</subfield>
    <subfield code="7">0</subfield>
    <subfield code="a">MUC</subfield>
    <subfield code="b">MUC</subfield>
    <subfield code="c">SL</subfield>
    <subfield code="d">2015-07-31</subfield>
    <subfield code="l">2</subfield>
    <subfield code="o">QA 37.2 .B33 1985</subfield>
    <subfield code="p">3277</subfield>
    <subfield code="r">2015-10-22</subfield>
    <subfield code="s">2015-10-22</subfield>
    <subfield code="w">2015-07-31</subfield>
    <subfield code="y">SH_L_BOOKS</subfield>
  </datafield>
  <datafield tag="952" ind1=" " ind2=" ">
    <subfield code="0">0</subfield>
    <subfield code="1">0</subfield>
    <subfield code="2">lcc</subfield>
    <subfield code="4">0</subfield>
    <subfield code="7">0</subfield>
    <subfield code="a">MUC</subfield>
    <subfield code="b">MUC</subfield>
    <subfield code="c">SL</subfield>
    <subfield code="d">2016-10-19</subfield>
    <subfield code="e">Purchase</subfield>
    <subfield code="g">1750.00</subfield>
    <subfield code="l">85</subfield>
    <subfield code="o">QA 39.2 .B33 1985</subfield>
    <subfield code="p">39047</subfield>
    <subfield code="r">2022-12-14</subfield>
    <subfield code="s">2022-12-14</subfield>
    <subfield code="w">2016-10-19</subfield>
    <subfield code="y">SH_L_BOOKS</subfield>
  </datafield>
  <datafield tag="952" ind1=" " ind2=" ">
    <subfield code="0">0</subfield>
    <subfield code="1">0</subfield>
    <subfield code="2">lcc</subfield>
    <subfield code="4">0</subfield>
    <subfield code="7">0</subfield>
    <subfield code="a">MUC</subfield>
    <subfield code="b">MUC</subfield>
    <subfield code="c">SL</subfield>
    <subfield code="d">2016-10-19</subfield>
    <subfield code="e">Purchase</subfield>
    <subfield code="g">1750.00</subfield>
    <subfield code="l">98</subfield>
    <subfield code="o">QA 39.2 .B33 1985</subfield>
    <subfield code="p">27044</subfield>
    <subfield code="r">2024-10-28</subfield>
    <subfield code="s">2024-10-28</subfield>
    <subfield code="w">2016-10-19</subfield>
    <subfield code="y">SH_L_BOOKS</subfield>
  </datafield>
  <datafield tag="952" ind1=" " ind2=" ">
    <subfield code="0">0</subfield>
    <subfield code="1">0</subfield>
    <subfield code="2">lcc</subfield>
    <subfield code="4">0</subfield>
    <subfield code="7">0</subfield>
    <subfield code="a">MUC</subfield>
    <subfield code="b">MUC</subfield>
    <subfield code="c">SL</subfield>
    <subfield code="d">2016-10-19</subfield>
    <subfield code="e">Purchase</subfield>
    <subfield code="g">1750.00</subfield>
    <subfield code="l">49</subfield>
    <subfield code="o">QA 39.2 .B33 1985</subfield>
    <subfield code="p">27045</subfield>
    <subfield code="r">2023-03-22</subfield>
    <subfield code="s">2023-03-22</subfield>
    <subfield code="w">2016-10-19</subfield>
    <subfield code="y">SH_L_BOOKS</subfield>
  </datafield>
  <datafield tag="952" ind1=" " ind2=" ">
    <subfield code="0">0</subfield>
    <subfield code="1">0</subfield>
    <subfield code="2">lcc</subfield>
    <subfield code="4">0</subfield>
    <subfield code="7">0</subfield>
    <subfield code="a">MUC</subfield>
    <subfield code="b">MUC</subfield>
    <subfield code="c">SL</subfield>
    <subfield code="d">2016-10-19</subfield>
    <subfield code="e">Purchase</subfield>
    <subfield code="g">1750.00</subfield>
    <subfield code="l">81</subfield>
    <subfield code="m">1</subfield>
    <subfield code="o">QA 39.2 .B33 1985</subfield>
    <subfield code="p">27046</subfield>
    <subfield code="r">2024-09-27</subfield>
    <subfield code="s">2024-09-27</subfield>
    <subfield code="w">2016-10-19</subfield>
    <subfield code="y">SH_L_BOOKS</subfield>
  </datafield>
  <datafield tag="952" ind1=" " ind2=" ">
    <subfield code="0">0</subfield>
    <subfield code="1">0</subfield>
    <subfield code="2">lcc</subfield>
    <subfield code="4">0</subfield>
    <subfield code="7">0</subfield>
    <subfield code="a">MUC</subfield>
    <subfield code="b">MUC</subfield>
    <subfield code="c">GEN</subfield>
    <subfield code="d">2015-03-31</subfield>
    <subfield code="e">Purchase (Rattansi Education Trust)</subfield>
    <subfield code="g">2750.00</subfield>
    <subfield code="l">25</subfield>
    <subfield code="o">QA 37.2 .B33 1985</subfield>
    <subfield code="p">38453</subfield>
    <subfield code="r">2023-02-18</subfield>
    <subfield code="s">2023-02-18</subfield>
    <subfield code="w">2015-03-31</subfield>
    <subfield code="y">BOOKS</subfield>
  </datafield>
  <datafield tag="952" ind1=" " ind2=" ">
    <subfield code="0">0</subfield>
    <subfield code="1">0</subfield>
    <subfield code="2">lcc</subfield>
    <subfield code="4">0</subfield>
    <subfield code="7">0</subfield>
    <subfield code="a">MUC</subfield>
    <subfield code="b">MUC</subfield>
    <subfield code="c">SL</subfield>
    <subfield code="d">2018-11-28</subfield>
    <subfield code="e">Purchase (Rattansi Education Trust)</subfield>
    <subfield code="g">2750.00</subfield>
    <subfield code="l">21</subfield>
    <subfield code="o">QA 37.2 .B33 1985</subfield>
    <subfield code="p">38449</subfield>
    <subfield code="r">2024-09-17</subfield>
    <subfield code="s">2024-09-17</subfield>
    <subfield code="w">2018-11-28</subfield>
    <subfield code="y">SH_L_BOOKS</subfield>
  </datafield>
  <datafield tag="952" ind1=" " ind2=" ">
    <subfield code="0">0</subfield>
    <subfield code="1">0</subfield>
    <subfield code="2">lcc</subfield>
    <subfield code="4">0</subfield>
    <subfield code="7">0</subfield>
    <subfield code="a">MUC</subfield>
    <subfield code="b">MUC</subfield>
    <subfield code="c">GEN</subfield>
    <subfield code="d">2018-11-28</subfield>
    <subfield code="e">Purchase (Rattansi Education Trust)</subfield>
    <subfield code="g">2750.00</subfield>
    <subfield code="l">10</subfield>
    <subfield code="o">QA 37.2 .B33 1985</subfield>
    <subfield code="p">38450</subfield>
    <subfield code="r">2026-01-09</subfield>
    <subfield code="s">2022-03-07</subfield>
    <subfield code="w">2018-11-28</subfield>
    <subfield code="y">BOOKS</subfield>
  </datafield>
  <datafield tag="952" ind1=" " ind2=" ">
    <subfield code="0">0</subfield>
    <subfield code="1">0</subfield>
    <subfield code="2">lcc</subfield>
    <subfield code="4">0</subfield>
    <subfield code="7">0</subfield>
    <subfield code="a">MUC</subfield>
    <subfield code="b">MUC</subfield>
    <subfield code="c">GEN</subfield>
    <subfield code="d">2018-11-28</subfield>
    <subfield code="e">Purchase (Rattansi Education Trust)</subfield>
    <subfield code="g">2750.00</subfield>
    <subfield code="l">27</subfield>
    <subfield code="o">QA 37.2 .B33 1985</subfield>
    <subfield code="p">38451</subfield>
    <subfield code="r">2024-12-17</subfield>
    <subfield code="s">2024-12-03</subfield>
    <subfield code="w">2018-11-28</subfield>
    <subfield code="y">BOOKS</subfield>
  </datafield>
  <datafield tag="952" ind1=" " ind2=" ">
    <subfield code="0">0</subfield>
    <subfield code="1">0</subfield>
    <subfield code="2">lcc</subfield>
    <subfield code="4">0</subfield>
    <subfield code="7">0</subfield>
    <subfield code="a">MUC</subfield>
    <subfield code="b">MUC</subfield>
    <subfield code="c">GEN</subfield>
    <subfield code="d">2019-01-18</subfield>
    <subfield code="e">Donation (EYS)</subfield>
    <subfield code="g">1750.00</subfield>
    <subfield code="l">25</subfield>
    <subfield code="o">QA 39.2 .B33 1985</subfield>
    <subfield code="p">38452</subfield>
    <subfield code="r">2024-10-18</subfield>
    <subfield code="s">2024-10-18</subfield>
    <subfield code="w">2016-10-19</subfield>
    <subfield code="y">BOOKS</subfield>
  </datafield>
  <datafield tag="952" ind1=" " ind2=" ">
    <subfield code="0">0</subfield>
    <subfield code="1">0</subfield>
    <subfield code="2">lcc</subfield>
    <subfield code="4">0</subfield>
    <subfield code="7">0</subfield>
    <subfield code="a">MUC</subfield>
    <subfield code="b">MUC</subfield>
    <subfield code="c">SL</subfield>
    <subfield code="d">2021-03-10</subfield>
    <subfield code="e">Purchased</subfield>
    <subfield code="l">4</subfield>
    <subfield code="o">QA 39.2 .B33 1985</subfield>
    <subfield code="p">27043</subfield>
    <subfield code="r">2023-09-06</subfield>
    <subfield code="s">2023-03-30</subfield>
    <subfield code="w">2021-03-10</subfield>
    <subfield code="y">SH_L_BOOKS</subfield>
  </datafield>
</record>
